<?xml version="1.0" encoding="UTF-8"?>
<record
    xmlns:xsi="http://www.w3.org/2001/XMLSchema-instance"
    xsi:schemaLocation="http://www.loc.gov/MARC21/slim http://www.loc.gov/standards/marcxml/schema/MARC21slim.xsd"
    xmlns="http://www.loc.gov/MARC21/slim">

  <leader>01712nam a2200325   4500</leader>
  <controlfield tag="001">0</controlfield>
  <controlfield tag="003">DR-UNIBE</controlfield>
  <controlfield tag="005">20250711142713.0</controlfield>
  <controlfield tag="008">250711b2025    dr ||||| |||| 00| 0 spa d</controlfield>
  <datafield tag="020" ind1=" " ind2=" ">
    <subfield code="a">9789945511208</subfield>
  </datafield>
  <datafield tag="040" ind1=" " ind2=" ">
    <subfield code="a">BIBLIOTECA UNIBE</subfield>
    <subfield code="b">spa</subfield>
    <subfield code="c">BIBLIOTECA UNIBE</subfield>
  </datafield>
  <datafield tag="041" ind1=" " ind2=" ">
    <subfield code="a">spa</subfield>
  </datafield>
  <datafield tag="041" ind1=" " ind2=" ">
    <subfield code="a">eng</subfield>
  </datafield>
  <datafield tag="082" ind1=" " ind2=" ">
    <subfield code="2">22</subfield>
    <subfield code="a">RD 333.9538 M533c</subfield>
  </datafield>
  <datafield tag="245" ind1=" " ind2=" ">
    <subfield code="a">Memorias de la conferencia valorizaci&#xF3;n de residuos agr&#xED;colas y sargazo</subfield>
  </datafield>
  <datafield tag="260" ind1=" " ind2=" ">
    <subfield code="a">Santo Domingo :</subfield>
    <subfield code="b">Instituto Tecnol&#xF3;gico de Santo Domingo (INTEC) ;</subfield>
    <subfield code="b">SARGARD :</subfield>
    <subfield code="b">Embajada de Francia en Rep&#xFA;blica Dominicana :</subfield>
    <subfield code="b">Minist&#xE8;re de l'Europe et des Affaires &#xC9;trang&#xE8;res,</subfield>
    <subfield code="c">2025</subfield>
  </datafield>
  <datafield tag="300" ind1=" " ind2=" ">
    <subfield code="a">xi, 61 p&#xE1;ginas :</subfield>
    <subfield code="b">ilustraciones ;</subfield>
    <subfield code="c">27 cm.</subfield>
  </datafield>
  <datafield tag="500" ind1=" " ind2=" ">
    <subfield code="a">28 y 29 de octubre del 2024 en el marco del proyecto Cooperaci&#xF3;n Franco-Dominicana en materia de Gesti&#xF3;n de Desechos Agr&#xED;colas y Sargazo.</subfield>
  </datafield>
  <datafield tag="520" ind1="3" ind2=" ">
    <subfield code="a">Recopila las ponencias y reflexiones presentadas en la conferencia sobre valorizaci&#xF3;n de residuos agr&#xED;colas y sargazo, destacando iniciativas de sostenibilidad, econom&#xED;a circular y tecnolog&#xED;as de transformaci&#xF3;n de residuos en recursos &#xFA;tiles en la Rep&#xFA;blica Dominicana y el Caribe.</subfield>
  </datafield>
  <datafield tag="650" ind1=" " ind2="7">
    <subfield code="2">lemb</subfield>
    <subfield code="a">Residuos agr&#xED;colas</subfield>
    <subfield code="v">Congresos, conferencias, etc.</subfield>
    <subfield code="9">197264</subfield>
  </datafield>
  <datafield tag="650" ind1=" " ind2="7">
    <subfield code="2">lemb</subfield>
    <subfield code="a">Algas marinas</subfield>
    <subfield code="x">Aspectos ambientales</subfield>
    <subfield code="v">Congresos, conferencias, etc.</subfield>
    <subfield code="9">197265</subfield>
  </datafield>
  <datafield tag="650" ind1=" " ind2="7">
    <subfield code="2">lemb</subfield>
    <subfield code="a">Tratamiento de residuos</subfield>
    <subfield code="9">796</subfield>
  </datafield>
  <datafield tag="650" ind1=" " ind2=" ">
    <subfield code="a">Econom&#xED;a circular</subfield>
    <subfield code="9">197266</subfield>
  </datafield>
  <datafield tag="650" ind1=" " ind2="7">
    <subfield code="2">lemb</subfield>
    <subfield code="a">Desarrollo sostenible</subfield>
  </datafield>
  <datafield tag="653" ind1=" " ind2=" ">
    <subfield code="a">Sargazos (Mar)</subfield>
  </datafield>
  <datafield tag="700" ind1="1" ind2=" ">
    <subfield code="a">J&#xE1;uregui-Haza, Ulises Javier</subfield>
    <subfield code="e">editor</subfield>
    <subfield code="9">197258</subfield>
  </datafield>
  <datafield tag="700" ind1="1" ind2=" ">
    <subfield code="a">Smith Pujols, Yvette</subfield>
    <subfield code="e">editor</subfield>
    <subfield code="9">197259</subfield>
  </datafield>
  <datafield tag="700" ind1="1" ind2=" ">
    <subfield code="a">Pic&#xF3;n Chaparro, Mar&#xED;a Carla</subfield>
    <subfield code="e">cuidado de edici&#xF3;n</subfield>
    <subfield code="9">197260</subfield>
  </datafield>
  <datafield tag="942" ind1=" " ind2=" ">
    <subfield code="2">ddc</subfield>
    <subfield code="c">BK</subfield>
  </datafield>
  <datafield tag="999" ind1=" " ind2=" ">
    <subfield code="c">113866</subfield>
    <subfield code="d">113866</subfield>
  </datafield>
  <datafield tag="952" ind1=" " ind2=" ">
    <subfield code="0">0</subfield>
    <subfield code="1">0</subfield>
    <subfield code="2">ddc</subfield>
    <subfield code="7">0</subfield>
    <subfield code="8">GEN-RD</subfield>
    <subfield code="a">Principal</subfield>
    <subfield code="d">2025-07-11</subfield>
    <subfield code="l">0</subfield>
    <subfield code="o">RD 333.9538 M533c</subfield>
    <subfield code="p">250814</subfield>
    <subfield code="r">2025-07-11 14:56:10</subfield>
    <subfield code="t">Ej. 1</subfield>
    <subfield code="w">2025-07-11</subfield>
    <subfield code="y">BK</subfield>
  </datafield>
</record>
